| 000 | 01929cam a22004454i 4500 | ||
|---|---|---|---|
| 003 | PE-LiUPU | ||
| 005 | 20250731172735.0 | ||
| 008 | 150617s r 000 0 d | ||
| 035 | _a(Sirsi) a11723 | ||
| 040 |
_aPE-LiUPU _bspa _cPE-LiUPU _erda |
||
| 049 | _aPRUA | ||
| 082 | 0 | 4 |
_a200 _bW66 _221 |
| 100 | 1 |
_aWilcox, Llewellyn A., _eautor. |
|
| 245 | 1 | 0 |
_aNow is the Time / _cLlewellyn A. Wilcox. |
| 264 | 1 |
_aEscondido, California : _bOutdoor Pictures, _c1961. |
|
| 300 |
_a278 páginas ; _c23 cm. |
||
| 336 |
_atext _2rdacontent |
||
| 337 |
_aunmediated _2rdamedia |
||
| 338 |
_avolume _2rdacarrier |
||
| 505 | 0 | _aDepth charges for the soul -- Knowing the time -- Inside information -- Knowing the message -- Keeping the vision -- Knowing the enemy -- Understanding the crisis -- Approaching the crisis -- Facing the crisis -- Knowing our defense -- When the storm breaks -- The hour of visitation -- The early and letter rain -- The latter rain and the loud cry -- The sabbath more fully -- The 144,000 -- The last act in the drama -- The time of trouble -- Alone -- And Having done all, to stand -- Form dark to dawn -- The day of all days -- Maranatha -- No more at all -- Climax -- Forever heaven. | |
| 526 | _aSEG42 | ||
| 526 | _aSEG41 | ||
| 526 | _aSEG40 | ||
| 526 | _aSEG39 | ||
| 526 | _aP94 | ||
| 526 | _aP87 | ||
| 526 | _aP86 | ||
| 526 | _aP85 | ||
| 526 | _aP77 | ||
| 526 | _aP76 | ||
| 526 | _aP35 | ||
| 650 | 0 | 4 | _aSegundo advenimiento. |
| 910 |
_ajck _bjvq _cjck _d20150616 |
||
| 942 |
_2ddc _cBOOK |
||
| 949 |
_a200 W66 _wDEWEY _c1 _i09066 _lCCODEBUL1 _mBUL _p00.00 _r0 _sY _tBOOK _u2015-04-21 _xTEOLOGIA _PP35 _0COMPRA _o.STAFF. Colección General |
||
| 994 |
_aC0 _bPEPRU |
||
| 596 | _a1 | ||
| 999 |
_a200 W66 _wDEWEY _c1902 _i09066 _f2021-11-9 _g5 _lCCODEBUL1 _mBUL _r0 _sY _tBOOK _u2015-4-21 _xTEOLOGIA _PP35 _0COMPRA _o.STAFF. Colección General _d1902 |
||
| 980 |
_81 _gALBERTO SANCHEZ Responsable de Automatización |
||